| 000 | 00477nam a2200145 a 4500 | ||
|---|---|---|---|
| 008 | 120416s1978 ||||||||||||||||| || u | ||
| 050 | _aPS 3568.O455 Rog | ||
| 100 | _aRogers, Rosemary | ||
| 245 | 1 | 4 | _aThe crowd pleasers |
| 260 |
_aLondon _bBook Club Associates _c1978 |
||
| 300 | _a520p. | ||
| 350 | _a0.00 | ||
| 650 | _aENGLISH LANGUAGE | ||
| 995 |
_D0.00 _FCBU-MAIN LIBRARY (Kitwe) _H1 _I4.20 _M1 _UDAMAGED _ZFiction Collection |
||
| 999 |
_c39250 _d39250 |
||